[Event "ESP-ch U10"]
[Site "Granada"]
[Date "2016.06.28"]
[Round "3"]
[White "Gonzalez Pintor, Ivan"]
[Black "Simon Novillo, Carlos"]
[Result "0-1"]
[WhiteElo "1174"]
[BlackElo "1355"]
[PlyCount "132"]
[EventDate "2016.06.27"]
[EventType "swiss"]
[EventRounds "9"]
[EventCountry "ESP"]
[SourceTitle "EXT 2024"]
[Source "ChessBase"]
[SourceDate "2023.10.10"]
[SourceVersion "1"]
[SourceVersionDate "2023.10.10"]
[SourceQuality "1"]

1. Nf3 d5 2. g3 Nc6 3. Bg2 e5 4. d3 Bc5 5. 0-0 Nf6 6. Nbd2 0-0 7. e4 d4 8. a4 a5 9. Nc4 Re8 10. c3 Bg4 11. h3 Bxf3 12. Qxf3 h6 13. Bd2 dxc3 14. Bxc3 Bd4 15. Qe2 Bc5 16. Kh2 b6 17. f4 Nd7 18. f5 Nd4 19. Bxd4 Bxd4 20. Rf3 Nf6 21. Raf1 Qd7 22. b3 c6 23. g4 b5 24. Nb2 c5 25. Rg3 Bxb2 26. Qxb2 bxa4 27. bxa4 Qxa4 28. Bf3 Qd4 29. Qxd4 cxd4 30. g5 hxg5 31. Rxg5 Reb8 32. Rfg1 Ne8 33. f6 g6 34. Rxe5 Nxf6 35. Ra1 a4 36. Re7 Kf8 37. Rc7 Ne8 38. Rc2 a3 39. Rca2 Rb2+ 40. Rxb2 axb2 41. Rb1 Rb8 42. e5 Nc7 43. Kg2 Na6 44. Kf2 Nc5 45. Ke2 Na4 46. Kd2 Nc3 47. Kc2 Nxb1 48. Kxb1 Rb3 49. Be2 Ke7 50. Bd1 Rxd3 51. Bc2 Rxh3 52. Kxb2 Re3 53. Bd1 Rxe5 54. Kc2 Re3 55. Be2 Rxe2+ 56. Kd3 Re6 57. Kxd4 f5 58. Kd3 f4 59. Kd4 f3 60. Kd3 f2 61. Kd4 f1Q 62. Kd5 Re2 63. Kd4 Qd1+ 64. Kc3 Rc2+ 65. Kb3 Qb1+ 66. Ka3 Ra2# 0-1

[Event "ESP-ch U10"]
[Site "Granada"]
[Date "2016.06.27"]
[Round "2"]
[White "Ruiz Pardo, Claudia"]
[Black "Gonzalez Pintor, Ivan"]
[Result "0-1"]
[WhiteElo "1429"]
[BlackElo "1174"]
[PlyCount "110"]
[EventDate "2016.06.27"]
[EventType "swiss"]
[EventRounds "9"]
[EventCountry "ESP"]
[SourceTitle "EXT 2024"]
[Source "ChessBase"]
[SourceDate "2023.10.10"]
[SourceVersion "1"]
[SourceVersionDate "2023.10.10"]
[SourceQuality "1"]

1. e4 e6 2. d4 d5 3. Nd2 dxe4 4. Nxe4 Nd7 5. Bd3 Ngf6 6. Nf3 Nxe4 7. Bxe4 Nf6 8. Bd3 Be7 9. 0-0 0-0 10. c3 b6 11. Qc2 Bb7 12. Qe2 Qd6 13. Ne5 Qd5 14. Nf3 Qh5 15. Ne5 Qxe2 16. Bxe2 Bd6 17. Nc4 Ba6 18. Re1 Be7 19. Bf4 Nd5 20. Bg3 f5 21. f4 h5 22. h3 Bd6 23. Nxd6 Bxe2 24. Rxe2 cxd6 25. Rxe6 Rad8 26. c4 Nf6 27. Re7 Rc8 28. Rc1 d5 29. b3 b5 30. c5 Ne4 31. Kh2 a6 32. Bh4 Rce8 33. Rd7 b4 34. Rxd5 Nc3 35. Rd6 Nxa2 36. Rxa6 Nxc1 37. Rb6 Nxb3 38. Rxb4 Rb8 39. Rc4 Nd2 40. Rc2 Ne4 41. d5 Rb5 42. Be7 Re8 43. c6 Rxe7 44. c7 Rxc7 45. Rxc7 Rxd5 46. Rc2 Rd2 47. Rxd2 Nxd2 48. Kg3 Kh7 49. Kh4 Kh6 50. g4 hxg4 51. hxg4 fxg4 52. Kxg4 Ne4 53. Kf5 Nf6 54. Ke6 Nh5 55. f5 Kg5 0-1